000 00660nam a22002657a 4500
999 _c310268
_d310268
001 24005
003 UA-OsUOA
005 20230504161212.0
007 ta
008 20040204b un ||||| |||| 00| 0 ukr d
020 _a9667305244
040 _aUA-OsUOA
_bukr
_cUA-OsUOA
_dUA-OsUOA
041 _aukr
044 _aUA
080 _a323.1
090 _a323.1
_bА84
100 _aАрон Р.
245 _aМир і війна між націями
260 _aКиїв
_bЮніверс
_c2000
300 _a688 с.
650 7 _2UDC
942 _cBK
_2udc
955 _a1